Nový slovník československých výtvarných umělců. II. L-Ž /
Saved in:
| Other Authors: | |
|---|---|
| Format: | Book |
| Language: | Czech |
| Published: |
Praha :
Tvar, nakladatelství Svazu čs. výtvarných umělců,
1950
|
| Edition: | 3. rozšírené vydanie |
| Subjects: | |
| Tags: |
No Tags, Be the first to tag this record!
|
MARC
| LEADER | 00000nam a22000003a 4500 | ||
|---|---|---|---|
| 001 | 0140611 | ||
| 003 | SK-STU | ||
| 005 | 20260323130336.0 | ||
| 007 | ta | ||
| 008 | 260323s ----xo-----e------000-0-----d | ||
| 040 | |a STU |b slo | ||
| 041 | 0 | |a cze | |
| 044 | |a xr | ||
| 100 | 1 | |a Toman, Prokop |4 com | |
| 245 | 1 | 0 | |a Nový slovník československých výtvarných umělců. II. L-Ž / |c zost. Prokop Toman |
| 250 | |a 3. rozšírené vydanie | ||
| 260 | |a Praha : |b Tvar, nakladatelství Svazu čs. výtvarných umělců, |c 1950 | ||
| 300 | |a 785 s. | ||
| 650 | 0 | 7 | |a výtvarníci slovenskí |
| 650 | 0 | 7 | |a výtvarníci zahraniční |
| 650 | 0 | 7 | |a výtvarné umenie |
| 996 | |b 284AU10662 |c A* 13818/U |l AAKNST |s P |a 0 |w 0140611_0001 | ||